Camilón, comilón / (Registro nro. 12081)

Detalles MARC
000 -LIDER
fixed length control field 01078nam a22003615b 4500
001 - NÚMERO DE CONTROL
Identificador de número de control 02247382
003 - IDENTIFICACDOR DE NÚMERO DE CONTROL
control field DO-SdBNP
005 - DATE AND TIME OF LATEST TRANSACTION
control field 20180212102554.0
007 - CAMPOS FIJOS DE DESCRIPCIÓN FÍSICA
fixed length control field 02247382
008 - ELEMENTOS DE LONGITUD FIJA
fixed length control field 940426s2001 sp a | |||| ||spa
016 7# - NO. DE CONTROL DE LA AGENCIA BIB. NACIONAL
Record control number
Source BPMSU
017 ## - NÚMERO DE REGISTRO DE DERECHOS DE AUTOR
Copyright or legal deposit number
Assigning agency
020 ## - ISBN
International Standard Book Number 8434827034
035 ## - NÚMERO LOCAL
System control number
040 ## - FUENTE DE CATALOGACIÓN
Agencia que crea de manera original el registro BPMSU
Idioma de catalogación spa
Agencia que realiza la transcripción BPMSU
Convenciones de la despripción
041 1# - CÓDIGOS DE OBRAS TRADUCIDAS O EN VARIOS IDIOMAS
Código del idioma del texto/archivo de sonido o separata spa
Cód. del idioma original y/o traducciones intermedias del texto
080 #0 - NÚMERO DE CLASIFICACIÓN DECIMAL UNIVERSAL
Universal Decimal Classification number
100 1# - ASIENTO PRINCIPAL -- NOMBRE PERSONAL
Nombre personal Machado, Ana María
Fechas asociadas con el nombre 1941-
240 10 - TITULO UNIFORME
Título uniforme Camilá o Camilao/
Idioma de una obra
245 1# - MENCIÓN DE TITULO
Título Camilón, comilón /
Mención de responsabilidad Ana María Machado ; ilustraciones de Gusti ; traducción Manuel Barbadillo
Medio (Designación general de material)
250 ## - MENCIÓN DE EDICION
Mención de edición 21 ed.
260 ## - PUBLICACIÓN, DISTRIBUCIÓN, ETC. (PIE DE IMPRENTA)
Lugar de publicación, distribución, etc Madrid :
Nombre del editor, distribuidor, etc. SM,
Fecha de publicación, distribución, etc 2001
300 ## - DESCRIPCIÓN FÍSICA
Extensión 59 p. :
Otros detalles físicos il.,
Dimensiones 19 cm
490 ## - MENCIÓN DE SERIES
Mención de serie El barco de vapor.
-- Blanca
Volume/sequential designation 27
586 ## - AWARDS NOTE
Awards note "Manzana de Oro en Bratislava 1990"
586 ## - AWARDS NOTE
Awards note "Premio Nacional de Ilustración 1990"
700 01 - ASIENTO SECUNDARIO -- NOMBRE PERSONAL
Nombre personal Gusti
Fechas asociadas con el nombre 1963-
Mención de responsabilidad il.
700 11 - ASIENTO SECUNDARIO -- NOMBRE PERSONAL
Nombre personal Barbadillo, Manuel
Fechas asociadas con el nombre 1928-2007
Mención de responsabilidad tr.
830 ## - ASIENTO SECUNDARIO DE SERIE--TÍTULO UNIFORME
Título uniforme El barco de vapor.
Nombre de la parte o sección de una obra Blanca
Volume number/sequential designation 27
942 ## - ADDED ENTRY ELEMENTS (KOHA)
Source of classification or shelving scheme Dewey Decimal Classification
Koha item type Libros
945 ## - INFORMACIÓN DE PROCESAMIENTO LOCAL
Información de procesamiento local Inventariado, 2018/ YL
956 ## - LOCAL ELECTRONIC LOCATION AND ACCESS (OCLC)
Nombre de host dgarcia
Método de acceso 10
Materiales especificados 20160405
Enlace BPMSU
Campo enlazado y núm. de secuencia 0069
Existencias
Withdrawn status Lost status Source of classification or shelving scheme Damaged status Not for loan Collection code Home library Current library Date acquired Source of acquisition Total Checkouts Barcode Date last seen Price effective from Koha item type
    Dewey Decimal Classification     Colección Infantil General Biblioteca Pública Metropolitana Salomé Ureña Biblioteca Pública Metropolitana Salomé Ureña 11/24/2016 Donado   BPMSU16111531 11/24/2016 11/24/2016 Libros